| 000 | 00547nam a22001937a 4500 | ||
|---|---|---|---|
| 005 | 20240327092755.0 | ||
| 008 | 240327b |||||||| |||| 00| 0 eng d | ||
| 020 | _a9780723438267 | ||
| 082 |
_a611.002 _bSPR-W |
||
| 100 | _aSpratt Jonathan D. | ||
| 245 |
_aWeir & Abrahams' Imaging Altas of Human Anatomy : _cLonie R Salkowski |
||
| 250 | _a5th ed. | ||
| 260 |
_aChina : _bElsevier ; _c2017 . |
||
| 300 |
_a263 p. : _bill ; _c25 cm. |
||
| 500 | _aInclude Index . | ||
| 650 | _aMedical / Anatomy | ||
| 700 | _aLonie R Salkowski | ||
| 999 |
_c35475 _d35475 |
||